000 00398cam a2200157ua 4500
041 _aeng
_h
082 _a823.308
_bCAR/AL
100 _aCarroll, Lewis .
245 _aAlice`s adventures in wonderland /
_cLewis Carroll.
_hTextual Documents
250 _a1 /
_b.
260 _aLondon :
_bJ M Dent and Sons Ltd ,
_c1959.
300 _a245 ; .
504 _a
942 _cBK
999 _c7867
_d7867